000 00659nam a2200217Ii 4500
003 JO-AjNU
008 230606s9999||||xx |||||||||||||| ||und||
020 _a978-007-126787-8 / 007-126787-5
040 _aJO-AjNU
_beng
_erda
_cJO-AjNU
041 _aeng
050 1 4 _aHG181.R65 2010
100 3 _aRose,Peter S / Hudgins, Sylvia C,
_eauthor
_91714
245 0 0 _aBank Management & Financial Services
250 _a8 ed
264 3 1 _aBoston: Mc Graw Hill,2010
300 _a733p
_b Includes indexes(p711-733)
336 _atext
_btxt
_2rdacontent
337 _aunmediated
_bn
_2rdamedia
338 _avolume
_bnc
_2rdacarrier
650 4 _aBank Management
_91715
999 _aE905
_c905
_d905